00442 2200169 4500001002100000008004100021035002000062245005100082100001900133260003000152300001200182020001800194084001400212082000800226650001900234990001900253INLIS000000000001118 ind  a0010-0724001118 aAlat Komunikasi Dalam GenggamancEko Sujatmiko aSujatmiko, Eko aBandungbPakar Rayac2007 a60 hlm. a979-534-417-9 a621 EKO a a621 aFisika Terapan aP29/CP/24/1118